000 00333 a2200157 4500
999 _c12209
_d12209
003 OSt
005 20231223130204.0
008 231223b ||||| |||| 00| 0 eng d
020 _a9788957705339
040 _cbmsca
082 _a212
100 _aArchiworld
245 _aOmni 2: Commerce
260 _bArchiworld
942 _2ddc